Affiches de films sans le titre par images - Statistiques

Statistiques générales
  • Ce quiz a été pris 401 fois
  • Le résultat moyen est 13 sur 20
Statistiques - réponses
Par images Réponse % Correct
Les Dents de la mer
98%
The Dark Knight
98%
Forrest Gump
94%
Retour vers le futur
93%
Star Wars
93%
Les Aventuriers de l’Arche Perdue
92%
Alien
88%
La Famille Addams
84%
Léon
81%
Black Swan
73%
Inception
60%
Les Goonies
54%
Gremlins
52%
L'Exorciste
49%
Independence Day
32%
The Thing
32%
Les Dix Commandements
31%
Sauvez Willy
30%
Poltergeist
18%
Cloverfield
11%
Aucun quiz correspondant
Distribution des résultats
% des personnes avec chaque résultat
Percentile par nombre de réponses
Votre historique - résultats
Vous n’avez pas pris ce quiz